A course in credibility theory and its applications

Αποθηκεύτηκε σε:
Λεπτομέρειες βιβλιογραφικής εγγραφής
Κύριος συγγραφέας: Buhlmann, Hans
Άλλοι συγγραφείς: Gisler, Alois
Μορφή: Βιβλίο
Γλώσσα:English
Δημοσίευση: Berlin ; New York : Springer, c2005
Σειρά:Universitext
Θέματα:
Ετικέτες: Προσθήκη ετικέτας
Δεν υπάρχουν, Καταχωρήστε ετικέτα πρώτοι!

MARC

LEADER 00000nam a2200000 i 4500
001 1/60540
008 071026s2005 eng d
020 |a 3-540-25753-5 
035 |l 10091855 
040 |a GR-MY-UA  |b gre  |e aacr 
041 0 |a eng 
082 0 |a 368.01  |2 (22) 
100 1 |a Buhlmann, Hans. 
245 1 2 |a A course in credibility theory and its applications /  |c Hans Buhlmann, Alois Gisler 
260 |a Berlin ; New York :   |b Springer,   |c c2005 
300 |a xviii, 331 σ.;  |b εγχρ. εικ.;  |c 24 εκ. 
490 1 |a Universitext 
504 |a Περιλαμβάνει βιβλιογραφικές παραπομπές (σ. [323]-327) και ευρετήριο 
650 0 0 |a Credibility theory (Insurance) 
700 1 |a Gisler, Alois. 
830 0 |a Universitext 
852 |a INST  |b SAMOS  |e 20071026  |h 368.01 BUH  |p 005300027987  |q 005300027987  |t BK  |y 0 
901 |a BIBL3-2007-3 
909 |a Σ  |b 139221 
922 |a 3ΕΛΗ  |b 200709  |c ΕΠΕΑΕΚ2/ΤΜΗΜΑ ΜΑΘΗΜΑΤΙΚΩΝ  |d ΠΑΠΑΣΩΤΗΡΙΟΥ 
970 |a ΣΙΤΖΙΜΗ  |b ΓΙΑΣΕΜΗ  |z 2007/10/26